000 02146nam0a2200373 i 4500
001 RU\NLR\BIBL_A\09994035
005 20241114191736.0
010 _a9785741704653
_9150
021 _aRU
_b2013-73549
_95042
035 _a(NLR Aleph) 009994035
090 _a9749354
_c9749354
100 _a20131030d2012 um y0rusy50 ca
101 0 _arus
102 _aRU
105 _aa|||z||||01yy
200 1 _aВведение в полупроводниковую микрофотоэлектронику инфракрасного диапазона
_eучебное пособие для студентов вузов по направлению подготовки "Прикладные математика и физика"
_fВ.И. Стафеев
_gМ-во образования и науки Рос. Федерации, Моск. физ.-техн. ин-т (гос. ун-т), Ин-т пробл. передачи информ. им. А.А. Харкевича РАН
210 _aМосква
_cМФТИ
_d2012
215 _a90 с.
_cил., цв. ил.
_d21
320 _aБиблиогр.: с. 87-88 (33 назв.)
606 1 _aФотоэлементы полупроводниковые
_jУчебные издания для высших учебных заведений
_91882745
_3RU\NLR\AUTH\661146117
606 1 _aИнфракрасная техника
_jУчебные издания для высших учебных заведений
_xОборудование
_91195912
_3RU\NLR\AUTH\66483377
606 _aфотоприемники ин
606 _aФотоэлементы инфракрасного диапазона
_jУчебные издания для высших учебных заведений
_92236949
_3RU\NLR\AUTH\661342419
675 _a621.383(075.8)
686 1 _aЗ996-06я73-1
686 1 _aЗ854я73-1
700 1 _aСтафеев
_bВ. И.
_gВиталий Иванович
801 0 _aRU
_bRuMoRKP
_c20130912
_gRCR
801 2 _aRU
_bРГБ
_c20130927
_grcr
801 1 _aRU
_bRuMoRKP
_c20130912
_2rusmarc
942 _cBOOK
980 _aNBR